Zapożyczenia w języku polskim - Statystyki

Ogólne statystyki
  • Ten quiz został rozwiązany 203 razy
  • Średni wynik to 5 z 15
Statystyki odpowiedzi
Wyraz zapożyczony Język % Poprawnych
mecz angielski
91%
cukier niemiecki
87%
balkon rosyjski
39%
mnich czeski
32%
ranczo hiszpański
31%
ołtarz łacina
31%
atom grecki
27%
taboret francuski
26%
tapczan turecki
23%
skansen szwedzki
22%
hejnał węgierski
21%
tulipan włoski
15%
spichlerz litewski
10%
fetysz portugalski
9%
szampon hindi
4%
Nie znaleziono quizów pasujących do podanych kryteriów
Rozkład punktacji
Procent ludzi z każdym wynikiem
Percentyl według liczby udzielonych odpowiedzi
Twoja historia wyników
Nie rozwiązałeś tego quizu